000
00201nam a2200085Ia 4500
008
120527s9999 xx 000 0 und d
100
_a
GINZBURG, V.L.
245
_a
The origin of cosmic Rays.
942
_c
BK
999
_c
24192
_d
24192